Social movements : the structure of collective mobilization /

Bibliographic Details
Main Author: Almeida, Paul, 1968- (Author)
Corporate Author: ProQuest (Firm)
Format: eBook
Language:English
Published: Oakland, California : University of California Press, [2019]
Subjects:
Online Access:Connect to the full text of this electronic book

MARC

Tag First Indicator Second Indicator Subfields
LEADER 00000cam a2200000 i 4500
001 in00004052521
006 m o d
007 cr |||||||||||
008 190307s2019 cauab ob 001 0 eng
005 20221130132354.2
010 |a  2018035307 
020 |a 9780520964846  |q electronic book 
020 |a 0520964845  |q electronic book 
020 |z 9780520290914  |q paperback ;  |q alkaline paper 
024 8 |a 99983208666 
035 |a (DLC)ebc5703267 
035 |a in00004052521 
037 |a B73B23A3-102A-430C-B881-026B5952C214  |b OverDrive, Inc.  |n http://www.overdrive.com 
037 |a 22573/ctvd08jjk  |b JSTOR 
040 |a NhCcYBP  |c NhCcYBP  |d UtOrBLW 
042 |a pcc 
050 4 |a HM881  |b .A397 2019 
072 7 |a SOC  |x 000000  |2 bisacsh 
072 7 |a POL  |x 003000  |2 bisacsh 
072 7 |a POL  |x 035000  |2 bisacsh 
072 7 |a SOC  |x 026000  |2 bisacsh 
072 7 |a SOC  |x 050000  |2 bisacsh 
082 0 0 |a 303.48/4  |2 23 
100 1 |a Almeida, Paul,  |d 1968-  |e author.  |0 http://id.loc.gov/authorities/names/n2006063751 
245 1 0 |a Social movements :  |b the structure of collective mobilization /  |c Paul Almeida. 
264 1 |a Oakland, California :  |b University of California Press,  |c [2019] 
300 |a 1 online resource. 
336 |a text  |b txt  |2 rdacontent 
337 |a computer  |b c  |2 rdamedia 
338 |a online resource  |b cr  |2 rdacarrier 
504 |a Includes bibliographical references and index. 
505 0 |a Social movements : the structure of collective action -- How to study social movements : classification and methods -- Theories of social movement mobilizations -- Social movement emergence : interests, resource infrastructures, and identities -- The framing process -- Individual recruitment and participation -- Movement outcomes -- Pushing the limits : social movements in the global South -- Conclusion : mounting crises and the pathway forward. 
588 |a Description based on online resource; title from digital title page (viewed on April 26, 2019). 
500 |a Electronic resource. 
650 0 |a Social movements  |v Textbooks. 
655 7 |a Electronic books.  |2 local 
710 2 |a ProQuest (Firm)  |0 http://id.loc.gov/authorities/names/n2007068018 
776 1 8 |i Print version:  |a Almeida, Paul, 1968-  |t Social movements.  |d Oakland, California : University of California Press, [2019]  |z 9780520290914  |w (DLC) 2018033480 
856 4 0 |u https://ebookcentral.proquest.com/lib/tamucs/detail.action?docID=5703267  |z Connect to the full text of this electronic book  |t 0 
955 |a YBP purchased DDA e-records 
980 |b 212.85  |g 1 
987 |a ybp15978208 
999 f f |s 7ddbcda9-89d8-48bb-bc0f-1d1b6ace2501  |i 68589189-add8-3133-b47a-505bf1682606  |t 0 
952 f f |a Texas A&M University  |b College Station  |c Electronic Resources  |d Available Online  |t 0  |e HM881 .A397 2019  |h Library of Congress classification 
998 f f |a HM881 .A397 2019  |t 0  |l Available Online